LIBRARY & INFORMATION CENTRE, KCAET, TAVANUR

ONLINE PUBLIC ACCESS CATALOGUE (OPAC)

Sixteenth congress on irrigation and drainage, Egypt vol-1-A (Record no. 5704)

MARC details
000 -LEADER
fixed length control field 00375cam a2200157ua 4500
020 ## - INTERNATIONAL STANDARD BOOK NUMBER
ISBN 81 85068 49 6
041 ## - LANGUAGE CODE
Language code of text/sound track or separate title eng
082 ## - DEWEY DECIMAL CLASSIFICATION NUMBER
Classification number 028.7463
Item number
100 ## - MAIN ENTRY--AUTHOR NAME
Personal name ICID, .
245 00 - TITLE STATEMENT
Title Sixteenth congress on irrigation and drainage, Egypt vol-1-A
260 ## - PUBLICATION, DISTRIBUTION, ETC. (IMPRINT)
Place of publication :
Name of publisher ICID and CIID ,
Year of publication 1996.
300 ## - PHYSICAL DESCRIPTION
Number of Pages 197 ; .
942 ## - ADDED ENTRY ELEMENTS (KOHA)
Koha item type Books
Holdings
Withdrawn status Lost status Damaged status Home library Current library Date acquired Full call number Accession Number Koha item type
      KAUAET   07/04/2012 028.7463 20283 Books
free website counter